| 000 | 00875nam a22002777a 4500 | ||
|---|---|---|---|
| 003 | CHAP | ||
| 005 | 20220329140628.0 | ||
| 008 | 971013s1982 r 00010 d | ||
| 010 | _a55013 | ||
| 011 | _a55985 | ||
| 035 | _a60138 | ||
| 040 | _cCHAP | ||
| 082 |
_a664.80284 _bY3 |
||
| 100 | 0 | 0 |
_aYaciuk, Gordon _eed. _9122931 |
| 245 |
_aFood drying _b: proceedings of a ... |
||
| 260 |
_aOttawa : _bInternational Development Research Center, _c1982 |
||
| 300 |
_a103 p. _b; gráfs. |
||
| 590 |
_aBATCH-UPD _b10 _c20130110 _lUCH01 _h1636 |
||
| 590 |
_aBATCH-UPD _b10 _c20130410 _lUCH01 _h1028 |
||
| 590 |
_aBATCH-UPD _b10 _c20130914 _lUCH01 _h0142 |
||
| 590 |
_aCONVERSION _b10 _c20130109 _lUCH01 _h1330 |
||
| 650 | 1 | 4 |
_aAlimentos _xDeshidratación. _94212 |
| 901 | _aBK | ||
| 942 | _cLIBRO | ||
| 949 |
_a664.80284 Y3 _bBC _cLIBRO _d33724000137501 _eLIBRO _gI.126921 _h66659 _i60138 _mDir _si |
||
| 999 |
_c55013 _d55013 |
||